Produkčné funkcie

Postup pri zisťovaní produkčných funkcií na reálnych údajoch stavebných podnikov na Slovensku za rok 2004. Stručné základy teórie produkčných funkcií. Použité štatistické metódy. Regresné modely. Grafické metódy. Odhady produkčných funkcií. Cobbova-Douglasova produkčná funkcia.

Salvato in:
Dettagli Bibliografici
Autore principale: Koróny, Samuel
Natura: Capitolo di libro
Lingua:slovacco
Soggetti:
Tags: Aggiungi Tag
Nessun Tag, puoi essere il primo ad aggiungerne!!

MARC

LEADER 00000naa$a2200000$$$4500
001 0043642
005 20220322131357.1
041 0 |a slo 
044 |a SK 
245 1 0 |a Produkčné funkcie  |c Samuel Koróny 
520 |a Postup pri zisťovaní produkčných funkcií na reálnych údajoch stavebných podnikov na Slovensku za rok 2004. Stručné základy teórie produkčných funkcií. Použité štatistické metódy. Regresné modely. Grafické metódy. Odhady produkčných funkcií. Cobbova-Douglasova produkčná funkcia. 
610 2 0 |a funkcie produkčné 
610 2 0 |a funkcia Cobb-Douglasova 
610 2 0 |a metódy štatistické 
610 2 0 |a podnik 
610 2 0 |a Slovensko 
610 2 0 |a modely regresné 
610 2 0 |a stavebníctvo 
610 2 0 |a modelovanie ekonometrické 
100 1 |a Koróny, Samuel